Parametric Modeling with Autodesk Inventor 2026 : (Record no. 43895)

MARC details
001 - CONTROL NUMBER
control field 000
003 - CONTROL NUMBER IDENTIFIER
control field 000
005 - DATE AND TIME OF LATEST TRANSACTION
control field 20251017115144.0
020 ## - INTERNATIONAL STANDARD BOOK NUMBER
International Standard Book Number 9781630577322
035 ## - SYSTEM CONTROL NUMBER
System control number 15252805
040 ## - CATALOGING SOURCE
Original cataloging agency DLC
Transcribing agency DLC
Modifying agency DLC
Description conventions rda
050 00 - LIBRARY OF CONGRESS CALL NUMBER
Classification number T 353 .S55
082 00 - DEWEY DECIMAL CLASSIFICATION NUMBER
Classification number 620/.00420285536
Edition number 22
100 1# - MAIN ENTRY--PERSONAL NAME
Personal name Shih, Randy H.
245 10 - TITLE STATEMENT
Title Parametric Modeling with Autodesk Inventor 2026 :
Statement of responsibility, etc by Randy H. Shih
264 ## - PUBLICATION, DISTRIBUTION, ETC. (IMPRINT)
Place of publication, distribution, etc Mission
Name of publisher, distributor, etc SDC Publications
Date of publication, distribution, etc 2025
300 ## - PHYSICAL DESCRIPTION
Extent xx,
Other physical details ill. ;
336 ## - CONTENT TYPE
Content type term text
Content type code txt
Source rdacontent
337 ## - MEDIA TYPE
Media type term unmediated
Media type code n
Source rdamedia
338 ## - CARRIER TYPE
Carrier type term volume
Carrier type code nc
Source rdacarrier
500 ## - GENERAL NOTE
General note Includes index.
630 00 - SUBJECT ADDED ENTRY--UNIFORM TITLE
Uniform title Autodesk Inventor (Electronic resource)
650 #0 - SUBJECT ADDED ENTRY--TOPICAL TERM
Topical term or geographic name as entry element Engineering graphics.
650 #0 - SUBJECT ADDED ENTRY--TOPICAL TERM
Topical term or geographic name as entry element Engineering models
General subdivision Data processing.
856 41 - ELECTRONIC LOCATION AND ACCESS
Materials specified Table of contents only
Uniform Resource Identifier <a href="http://www.loc.gov/catdir/toc/ecip0815/2008016201.html">http://www.loc.gov/catdir/toc/ecip0815/2008016201.html</a>
906 ## - LOCAL DATA ELEMENT F, LDF (RLIN)
a 7
b cbc
c orignew
d 1
e ecip
f 20
g y-gencatlg
942 ## - ADDED ENTRY ELEMENTS (KOHA)
Source of classification or shelving scheme Library of Congress Classification
Koha item type Books
Holdings
Withdrawn status Lost status Source of classification or shelving scheme Damaged status Not for loan Permanent Location Current Location Date acquired Total Checkouts Full call number Barcode Date last seen Price effective from Koha item type
    Library of Congress Classification     NILE UNIVERSITY OF NIGERIA - MAIN LIBRARY NILE UNIVERSITY OF NIGERIA - MAIN LIBRARY 10/17/2025   T 353 .S55 2025 0199386 10/17/2025 10/17/2025 Books